| 000 | 00893nas a2200289 4500 | ||
|---|---|---|---|
| 001 | BR0807754 | ||
| 003 | BR-BrBNA | ||
| 005 | 20231205112727.0 | ||
| 007 | ta | ||
| 008 | 230509b bl.|||p| |||| 00| 00por d | ||
| 040 |
_aBR-BrBNA _bpor _cBiblioteca Nacional de Agricultura |
||
| 041 | _a(En) | ||
| 072 | _aF60 | ||
| 100 | 1 | _aPimentel, C. | |
| 100 | 1 | _aRibeiro, R.V | |
| 100 | 1 | _aSantos, M.G. dos | |
| 100 | 1 | _aOliveira, R.F. de | |
| 100 | 1 | _aMachado, E.C. | |
| 245 | 1 | _aEffects of changes in the photosynthetic photon flux density on net gas exchange of citrus limon and Nicotiana tabacum | |
| 650 | _aCITRUS | ||
| 650 | _aTABACO | ||
| 650 | _aBIOLOGIA VEGETAL | ||
| 650 | _aÁGUA | ||
| 773 | 0 |
_tBrazilian Journal of Plant Physiology (Brazil) _xISSN 1677-0420 _g(May-Aug 2004), v. 16(2) p. 77-82 _wBR0807754 |
|
| 909 |
_a202311 _bLúcia _c55 _dLúcia Elande |
||
| 942 |
_2AGRIS _n0 _cANA |
||
| 999 |
_c199616 _d199616 |
||